000 00689nam a2200205 a 4500
001 000046149
003 DO-SdBNP
005 20241206085814.0
008 110427s2002 dr 000 0 spa d
040 _aDO-SdBNP
_bspa
_cBNPHU
082 _axxx
_bR426L 2002
110 1 _aRepública Dominicana.
_bSecretaría de Estado de la Mujer
_938238
245 1 0 _aSecretaria de Estado de la Mujer :
_bley No. 86-99 (SEM) /.
250 _a4a ed.
260 _aSanto Domingo :
_bSecretaría de Estado de la Mujer,
_c2002.
300 _a20 p. ;
_c22 cm.
590 _aPerteneció a la biblioteca personal de Chiqui Vicioso/Fidelio Despradel
590 _aInventariado, 2018/ YL
942 _2ddc
_cLBS1
999 _c45638
_d45638